[Event "Royal City Masters U2200"]
[Site "Guelph CAN"]
[Date "2025.08.03"]
[Round "5.38"]
[White "Fu, Ashley"]
[Black "Blair, Michael"]
[Result "1/2-1/2"]
[WhiteElo "1867"]
[BlackElo "2139"]
[WhiteFideId "-1"]
[WhiteFideId "-1"]
[PlyCount "64"]
[GameId "2210366782584372"]
[EventDate "2025.08.01"]
[EventType "swiss"]
[EventRounds "9"]
[EventCountry "CAN"]

1. e4 c5 2. Nf3 e6 3. c3 Nf6 4. e5 Nd5 5. d4 cxd4 6. cxd4 d6 7. Bc4 Nc6 8. O-O Be7 9. Re1 O-O 10. Bb3 Na5 11. Bc2 Nb4 12. Ba4 Bd7 13. Bxd7 Qxd7 14. Nc3 Rac8 15. d5 exd5 16. Nxd5 Nc2 17. Nxe7+ Qxe7 18. exd6 Qd8 19. Bg5 f6 20. d7 Nxe1 21. dxc8=Q Nxf3+ 22. Qxf3 Qxc8 23. Qd5+ Kh8 24. Bxf6 Rxf6 25. Qxa5 Rc6 26. Qg5 h6 27. Qe3 Rc2 28. b3 Qc3 29. Qe8+ Kh7 30. Qe4+ Kh8 31. Qe8+ Kh7 32. Qe4+ Kh8 1/2-1/2

[Event "Royal City Masters U2200"]
[Site "Guelph CAN"]
[Date "2025.08.03"]
[Round "5.39"]
[White "Syed, Farhaan"]
[Black "Jung, Hans"]
[Result "1/2-1/2"]
[WhiteElo "1815"]
[BlackElo "2047"]
[WhiteFideId "-1"]
[WhiteFideId "-1"]
[PlyCount "60"]
[GameId "2210366782584373"]
[EventDate "2025.08.01"]
[EventType "swiss"]
[EventRounds "9"]
[EventCountry "CAN"]

1. d4 d5 2. Nc3 Nf6 3. Bf4 c6 4. Nf3 Qb6 5. Na4 Qa5+ 6. c3 Ne4 7. b4 Qd8 8. Qb3 e6 9. e3 b5 10. Nc5 Bxc5 11. dxc5 f6 12. Be2 e5 13. Bg3 a5 14. a3 axb4 15. cxb4 Bg4 16. Rd1 Nd7 17. h3 Nxg3 18. fxg3 Bf5 19. Nh4 Be4 20. Bf3 f5 21. Bxe4 fxe4 22. Nf5 O-O 23. O-O Nf6 24. Nd6 Qe7 25. Qc3 g6 26. g4 Nd7 27. Rxf8+ Rxf8 28. Rf1 Rxf1+ 29. Kxf1 Qh4 30. Qd2 Qe7 1/2-1/2

[Event "Royal City Masters U2200"]
[Site "Guelph CAN"]
[Date "2025.08.03"]
[Round "5.40"]
[White "Klarner, William"]
[Black "Runstedler, Albert"]
[Result "1-0"]
[WhiteElo "2034"]
[BlackElo "1811"]
[WhiteFideId "-1"]
[WhiteFideId "-1"]
[PlyCount "75"]
[GameId "2210366782584374"]
[EventDate "2025.08.01"]
[EventType "swiss"]
[EventRounds "9"]
[EventCountry "CAN"]

1. c4 Nf6 2. Nc3 e6 3. d4 d5 4. cxd5 exd5 5. Bg5 c6 6. e3 Be7 7. Bd3 h6 8. Bh4 Ne4 9. Bxe7 Qxe7 10. Qc2 Bf5 11. Nf3 Nd7 12. O-O O-O 13. Rab1 Rae8 14. b4 Nxc3 15. Qxc3 Bxd3 16. Qxd3 f5 17. b5 Qe4 18. Qxe4 dxe4 19. bxc6 bxc6 20. Nd2 c5 21. Rb7 Rd8 22. Rxa7 cxd4 23. exd4 Nb6 24. Nb3 Nd5 25. Rc1 Rf7 26. Ra5 f4 27. Rcc5 Rf5 28. Kf1 f3 29. g4 Rg5 30. h4 e3 31. hxg5 e2+ 32. Ke1 Nf4 33. Kd2 Nd3 34. Re5 Nxe5 35. Rxe5 Ra8 36. Ra5 Re8 37. Ke1 hxg5 38. Nd2 1-0

[Event "Royal City Masters U2200"]
[Site "Guelph CAN"]
[Date "2025.08.03"]
[Round "5.41"]
[White "Leliveld, Andrew"]
[Black "Tian, Dylan"]
[Result "1-0"]
[WhiteElo "1969"]
[BlackElo "1769"]
[WhiteFideId "-1"]
[WhiteFideId "-1"]
[PlyCount "111"]
[GameId "2210366782584375"]
[EventDate "2025.08.01"]
[EventType "swiss"]
[EventRounds "9"]
[EventCountry "CAN"]

1. f4 Nf6 2. Nf3 e6 3. e3 b6 4. b3 Bb7 5. Bb2 Be7 6. g3 d6 7. Bg2 O-O 8. O-O c5 9. c4 Nbd7 10. Qc2 h6 11. d3 Qc7 12. e4 e5 13. f5 Kh7 14. Nc3 g6 15. fxg6+ fxg6 16. Bc1 Kg7 17. Qe2 Rf7 18. Bh3 Rh8 19. Be3 Nf8 20. Rf2 a6 21. Raf1 Bc8 22. Bxc8 Qxc8 23. Nh4 Qd8 24. Nd5 N8d7 25. Qg4 Nf8 26. Nf5+ Kh7 27. Nfxe7 Kg7 28. Rxf6 Rxe7 29. Nxe7 Qxe7 30. Rf7+ Qxf7 31. Rxf7+ Kxf7 32. Qc8 Ke7 33. Qb8 Ke6 34. Bxh6 Rxh6 35. Qxf8 Rh7 36. Qg8+ Rf7 37. Qxg6+ Ke7 38. Kg2 Rf6 39. Qg8 Rf8 40. Qd5 Rc8 41. Qb7+ Kd8 42. Qxb6+ Kd7 43. Qxa6 Rc7 44. h4 Rc6 45. Qxc6+ Kxc6 46. h5 d5 47. h6 dxc4 48. dxc4 Kb6 49. h7 Ka5 50. a3 Ka6 51. h8=Q Ka7 52. Qc8 Kb6 53. g4 Ka5 54. Qb8 Ka6 55. g5 Ka5 56. Qb5# 1-0

[Event "Royal City Masters U2200"]
[Site "Guelph CAN"]
[Date "2025.08.03"]
[Round "5.42"]
[White "Cheung, Oscar"]
[Black "Cafengiu, Bogdan"]
[Result "1/2-1/2"]
[WhiteElo "1815"]
[BlackElo "1999"]
[WhiteFideId "-1"]
[WhiteFideId "-1"]
[PlyCount "80"]
[GameId "2210366782584376"]
[EventDate "2025.08.01"]
[EventType "swiss"]
[EventRounds "9"]
[EventCountry "CAN"]

1. e4 e6 2. d4 d5 3. Nc3 Bb4 4. Nge2 dxe4 5. a3 Bxc3+ 6. Nxc3 Nf6 7. Bg5 h6 8. Bh4 g5 9. Bg3 Nc6 10. Nb5 Nd5 11. c4 Nf4 12. Bxf4 gxf4 13. d5 a6 14. dxc6 Qxd1+ 15. Rxd1 axb5 16. cxb7 Bxb7 17. cxb5 Rg8 18. Rg1 Bd5 19. Rc1 Kd7 20. Bc4 Rg5 21. Kd2 Bxc4 22. Rxc4 Rxb5 23. Kc3 f5 24. f3 Rab8 25. b4 Re5 26. fxe4 fxe4 27. Rd1+ Rd5 28. Rcd4 Kd6 29. Re1 Rxd4 30. Kxd4 e3 31. g3 Ra8 32. gxf4 Rxa3 33. Rxe3 Rxe3 34. Kxe3 Kd5 35. Kd3 h5 36. h4 c6 37. Ke3 Kc4 38. Ke4 Kxb4 39. Ke5 c5 40. Kxe6 c4 1/2-1/2

[Event "Royal City Masters U2200"]
[Site "Guelph CAN"]
[Date "2025.08.04"]
[Round "6.20"]
[White "Iordanescu, Victor Nicolae"]
[Black "Bluvshtein, Ilia"]
[Result "1/2-1/2"]
[WhiteElo "2038"]
[BlackElo "2081"]
[WhiteFideId "-1"]
[WhiteFideId "-1"]
[PlyCount "60"]
[GameId "2211089036197898"]
[EventDate "2025.08.01"]
[EventType "swiss"]
[EventRounds "9"]
[EventCountry "CAN"]

1. e4 e5 2. Nf3 Nc6 3. g3 Bc5 4. Bg2 d6 5. O-O Bg4 6. d3 Qd7 7. c3 Nge7 8. a4 a5 9. Be3 Bxe3 10. fxe3 d5 11. exd5 Nxd5 12. Qe1 O-O 13. Nbd2 Nf6 14. d4 Bh3 15. dxe5 Bxg2 16. Kxg2 Ng4 17. Qe2 Ncxe5 18. Nxe5 Nxe5 19. Nf3 Qc6 20. e4 Qc4 21. Qxc4 Nxc4 22. Rf2 Rad8 23. Re2 f6 24. b3 Ne5 25. Nxe5 fxe5 26. Rf1 Rd3 27. Rxf8+ Kxf8 28. Rf2+ Ke7 29. Rf3 Rd2+ 30. Rf2 Rd3 1/2-1/2

[Event "Royal City Masters U2200"]
[Site "Guelph CAN"]
[Date "2025.08.04"]
[Round "6.21"]
[White "Deepak, Laksshana"]
[Black "Velasquez, Noah"]
[Result "1/2-1/2"]
[WhiteElo "2135"]
[BlackElo "1989"]
[WhiteFideId "-1"]
[WhiteFideId "-1"]
[PlyCount "125"]
[GameId "2211089036218379"]
[EventDate "2025.08.01"]
[EventType "swiss"]
[EventRounds "9"]
[EventCountry "CAN"]

1. d4 Nf6 2. Bf4 d5 3. Nf3 Bf5 4. e3 e6 5. Bd3 Bg6 6. Ne5 Nbd7 7. Nxg6 hxg6 8. h3 c5 9. c3 Qb6 10. Qc2 Bd6 11. Bxd6 Qxd6 12. Nd2 Rc8 13. dxc5 Nxc5 14. Bb5+ Ke7 15. Be2 Rhd8 16. Rd1 e5 17. O-O Kf8 18. Nf3 a6 19. c4 Ne6 20. Rd2 Ne4 21. Rdd1 b5 22. b3 b4 23. Rc1 a5 24. Rfe1 f5 25. Bd3 Nc3 26. Nh4 e4 27. Bf1 Kf7 28. cxd5 Qxd5 29. Bc4 Rxc4 30. bxc4 Qxc4 31. Kh2 Qxa2 32. Qxa2 Nxa2 33. Rc6 a4 34. Nxg6 Kxg6 35. Rxe6+ Kf7 36. Ra6 Nc3 37. Rc1 Rd2 38. Rb6 Rb2 39. Rxb4 Rxb4 40. Rxc3 Rb7 41. Kg3 Ra7 42. Ra3 Kf6 43. f3 Ke5 44. Kh4 Ra6 45. Kg5 g6 46. h4 Kd5 47. h5 gxh5 48. Kxf5 exf3 49. gxf3 Kc4 50. e4 Kb4 51. Ra1 a3 52. e5 a2 53. e6 Kb3 54. e7 Ra8 55. Kg5 Kb2 56. Rxa2+ Kxa2 57. Kxh5 Re8 58. f4 Rxe7 59. f5 Kb3 60. f6 Re8 61. Kg5 Kc4 62. f7 Re5+ 63. Kf6 1/2-1/2

[Event "Royal City Masters U2200"]
[Site "Guelph CAN"]
[Date "2025.08.04"]
[Round "6.22"]
[White "Kola, Venkat Karthikeya R"]
[Black "Colvin, Andrew"]
[Result "1/2-1/2"]
[WhiteElo "2140"]
[BlackElo "2034"]
[WhiteFideId "-1"]
[WhiteFideId "-1"]
[PlyCount "123"]
[GameId "2211089036226572"]
[EventDate "2025.08.01"]
[EventType "swiss"]
[EventRounds "9"]
[EventCountry "CAN"]

1. d4 d5 2. c4 e6 3. Nf3 Nf6 4. g3 Be7 5. Bg2 O-O 6. O-O dxc4 7. Qc2 a6 8. a4 Bd7 9. Qxc4 Bc6 10. Bf4 Nbd7 11. Nc3 Nb6 12. Qb3 Nbd5 13. Bd2 Nxc3 14. bxc3 b5 15. axb5 axb5 16. Ne5 Bxg2 17. Kxg2 Qb8 18. f3 Qb7 19. c4 c6 20. Rfb1 Nd7 21. Nd3 Bf6 22. Rxa8 Rxa8 23. Be3 Rb8 24. Bf4 Ra8 25. cxb5 cxb5 26. d5 Qxd5 27. Qxd5 exd5 28. Rxb5 d4 29. h4 h6 30. h5 Re8 31. Kf2 Rc8 32. g4 Re8 33. Bg3 Nf8 34. Nb4 Ne6 35. Nd5 Bg5 36. f4 Be7 37. Nxe7+ Rxe7 38. Re5 Rd7 39. g5 hxg5 40. fxg5 d3 41. exd3 Rxd3 42. g6 Rd2+ 43. Ke3 Ra2 44. Rb5 Ra3+ 45. Kf2 Ra2+ 46. Kg1 Ra1+ 47. Kh2 fxg6 48. hxg6 Nf8 49. Rb6 Rf1 50. Bh4 Rf5 51. Be7 Rf2+ 52. Kg3 Rf1 53. Rb8 Rf5 54. Kg4 Rf1 55. Ra8 Rf2 56. Rxf8+ Rxf8 57. Bxf8 Kxf8 58. Kf5 Kg8 59. Ke6 Kh8 60. Kd7 Kg8 61. Ke8 Kh8 62. Kf7 1/2-1/2

[Event "Royal City Masters U2200"]
[Site "Guelph CAN"]
[Date "2025.08.04"]
[Round "6.23"]
[White "Jiang, Hancy"]
[Black "Chertkow, Matthew"]
[Result "1/2-1/2"]
[WhiteElo "2112"]
[BlackElo "1855"]
[WhiteFideId "-1"]
[WhiteFideId "-1"]
[PlyCount "70"]
[GameId "2211089036230669"]
[EventDate "2025.08.01"]
[EventType "swiss"]
[EventRounds "9"]
[EventCountry "CAN"]

1. d4 e6 2. Nf3 Nf6 3. e3 d5 4. Bd3 c5 5. b3 Nc6 6. Bb2 cxd4 7. exd4 Bd6 8. a3 O-O 9. Nbd2 Qc7 10. O-O b6 11. Qe2 h6 12. Rae1 Bb7 13. Ne5 Rae8 14. f4 Nd7 15. Qh5 f5 16. Nxd7 Qxd7 17. Re3 Qc7 18. Bxf5 Bxf4 19. Rxe6 Rxe6 20. Bxe6+ Kh8 21. Nf3 Be3+ 22. Kh1 Bxd4 23. Bxd4 Nxd4 24. Bxd5 Bxd5 25. Qxd5 Nxf3 26. Rxf3 Rd8 27. Qf5 Rd1+ 28. Rf1 Qxc2 29. Qf8+ Kh7 30. h3 Rxf1+ 31. Qxf1 Qxb3 32. Qf5+ Kh8 33. Qc8+ Kh7 34. Qf5+ Kh8 35. Qc8+ Kh7 1/2-1/2

[Event "Royal City Masters U2200"]
[Site "Guelph CAN"]
[Date "2025.08.04"]
[Round "6.24"]
[White "Both, Aaron"]
[Black "Qian, Eric"]
[Result "0-1"]
[WhiteElo "2000"]
[BlackElo "2097"]
[WhiteFideId "-1"]
[WhiteFideId "-1"]
[PlyCount "62"]
[GameId "2211089036238862"]
[EventDate "2025.08.01"]
[EventType "swiss"]
[EventRounds "9"]
[EventCountry "CAN"]

1. e4 e5 2. f4 exf4 3. Nf3 d6 4. Bc4 h6 5. h4 Nf6 6. Nc3 Nc6 7. d4 Nh5 8. Nd5 Ng3 9. Rh2 Ne7 10. Bxf4 Nxe4 11. Qe2 c6 12. Nxe7 Qxe7 13. O-O-O d5 14. Bd3 Bf5 15. Re1 O-O-O 16. Kb1 Bh7 17. Ne5 f6 18. Qg4+ f5 19. Qh3 g5 20. Bc1 Bg7 21. Bxe4 dxe4 22. Qc3 Rxd4 23. Nf3 Ra4 24. Qb3 b5 25. hxg5 Bg8 26. gxh6 Bf6 27. Qe3 Bxa2+ 28. Ka1 Bg8+ 29. Kb1 Qf7 30. c4 Qxc4 31. Nd2 Ra1+ 0-1

[Event "Royal City Masters U2200"]
[Site "Guelph CAN"]
[Date "2025.08.04"]
[Round "6.25"]
[White "Dembla, Shabd"]
[Black "Heran-Boily, Samuel"]
[Result "1/2-1/2"]
[WhiteElo "2000"]
[BlackElo "2058"]
[WhiteFideId "-1"]
[WhiteFideId "-1"]
[PlyCount "113"]
[GameId "2211089036242959"]
[EventDate "2025.08.01"]
[EventType "swiss"]
[EventRounds "9"]
[EventCountry "CAN"]

1. d4 Nf6 2. Bf4 d5 3. Nf3 c5 4. e3 Nc6 5. Nbd2 Qb6 6. dxc5 Qxb2 7. Rb1 Qc3 8. Bb5 Qxc5 9. Ne5 Nd7 10. O-O Ndxe5 11. Bxe5 f6 12. Bd4 Qd6 13. c4 e5 14. cxd5 Qxd5 15. Bc3 Rb8 16. Qa4 Bd7 17. Bc4 Qc5 18. Ne4 Qa3 19. Qd1 Bf5 20. Qd5 Bxe4 21. Qxe4 Qxc3 22. Rxb7 Rxb7 23. Qxc6+ Rd7 24. Bf7+ Kxf7 25. Qxc3 Bd6 26. Qc4+ Ke7 27. Qg4 g6 28. Rc1 Rhd8 29. h4 Bc7 30. h5 Kf7 31. Rc6 Bd6 32. Qh4 Kg7 33. h6+ Kf7 34. Qc4+ Ke7 35. f4 exf4 36. exf4 Rb8 37. Qe4+ Kf7 38. Qd5+ Ke7 39. Rc2 Rbd8 40. Re2+ Kf8 41. Qe6 Be7 42. a4 a5 43. Kh2 Rc7 44. Qb6 Rc5 45. Re3 Rcd5 46. Qe6 R5d7 47. g4 Rd2+ 48. Kg3 R8d7 49. Qa6 R2d5 50. Rc3 Kf7 51. Qc4 Kf8 52. Kf3 Rd8 53. Qc7 R8d7 54. Qc8+ Rd8 55. Qe6 R5d6 56. Qe3 Rd4 57. Qe6 1/2-1/2

[Event "Royal City Masters U2200"]
[Site "Guelph CAN"]
[Date "2025.08.04"]
[Round "6.26"]
[White "Nguyen, Minh Thong"]
[Black "Desforges, Jean"]
[Result "0-1"]
[WhiteElo "2147"]
[BlackElo "2013"]
[WhiteFideId "-1"]
[WhiteFideId "-1"]
[PlyCount "176"]
[GameId "2211089036247056"]
[EventDate "2025.08.01"]
[EventType "swiss"]
[EventRounds "9"]
[EventCountry "CAN"]

1. e4 d5 2. exd5 Nf6 3. d4 Nxd5 4. c4 Nb6 5. Nf3 g6 6. Be2 Bg7 7. O-O O-O 8. Nc3 Nc6 9. Be3 Bg4 10. c5 Nd5 11. Nxd5 Qxd5 12. h3 Bxf3 13. Bxf3 Qd7 14. d5 Ne5 15. Qe2 Qf5 16. Bg4 Nxg4 17. Qxg4 Qxd5 18. Rfd1 Qc6 19. Qd7 Bxb2 20. Rab1 Bf6 21. Qxc6 bxc6 22. Rb7 Rfc8 23. Rd7 a5 24. Rdxc7 h5 25. Ra7 Kf8 26. Rxc8+ Rxc8 27. Rxa5 Ke8 28. Ra7 Rb8 29. g3 Rb4 30. a3 Rc4 31. a4 Bd4 32. Bxd4 Rxd4 33. a5 Ra4 34. a6 f6 35. Kg2 Ra3 36. Ra8+ Kf7 37. a7 g5 38. f3 Ra2+ 39. Kf1 Ke6 40. Ke1 Kd7 41. Kd1 Ke6 42. Kc1 Kd7 43. Kb1 Ra5 44. Kb2 Ke6 45. Kc3 Kd7 46. Kc4 Ra4+ 47. Kb3 Ra5 48. f4 gxf4 49. Kb4 Ra1 50. gxf4 Ra2 51. h4 Ra1 52. Kb3 Ra5 53. f5 Ra1 54. Rh8 Rxa7 55. Rxh5 Ra1 56. Kb2 Ra5 57. Kc3 Rxc5+ 58. Kd4 Re5 59. Kc4 Kd6 60. Kd4 c5+ 61. Kc4 Kc7 62. Kc3 Re4 63. Rh8 Rf4 64. h5 Rxf5 65. h6 Rh5 66. h7 Kd7 67. Kc4 Ke6 68. Kb5 Kf7 69. Kc6 Kg7 70. Re8 Rxh7 71. Rxe7+ Kg6 72. Re4 Rh5 73. Kd6 Kf5 74. Rc4 Kg6 75. Ke6 Re5+ 76. Kd6 Kg5 77. Ra4 Re2 78. Kxc5 f5 79. Kd5 f4 80. Kd4 Kg4 81. Ra3 f3 82. Kd3 Re7 83. Ra2 Kg3 84. Ra8 Kg2 85. Rf8 f2 86. Rg8+ Kf1 87. Ra8 Rg7 88. Ke3 Kg1 0-1

[Event "Royal City Masters U2200"]
[Site "Guelph CAN"]
[Date "2025.08.04"]
[Round "6.27"]
[White "Zhan, Jayden"]
[Black "Lin, Austin"]
[Result "1/2-1/2"]
[WhiteElo "2030"]
[BlackElo "2128"]
[WhiteFideId "-1"]
[WhiteFideId "-1"]
[PlyCount "98"]
[GameId "2211089036251153"]
[EventDate "2025.08.01"]
[EventType "swiss"]
[EventRounds "9"]
[EventCountry "CAN"]

1. e4 c5 2. Nf3 Nc6 3. Bb5 e6 4. Bxc6 dxc6 5. O-O Qc7 6. d3 e5 7. Nbd2 Nf6 8. Nc4 Bd6 9. b3 O-O 10. Bb2 Re8 11. Qd2 Bg4 12. Nh4 Nd7 13. Qg5 Be6 14. Nf5 Bxf5 15. exf5 f6 16. Qg4 Nb6 17. Nd2 Nd5 18. Ne4 Kh8 19. a3 Rad8 20. Rad1 Rg8 21. c4 Ne7 22. f4 Rdf8 23. b4 g6 24. fxg6 Nxg6 25. Qe6 Be7 26. fxe5 fxe5 27. Rxf8 Rxf8 28. bxc5 b6 29. d4 bxc5 30. dxc5 Qb8 31. Ba1 Bd8 32. Nd6 Qb3 33. Re1 Qxa3 34. Nf7+ Kg7 35. Nxe5 Qxc5+ 36. Kh1 Nxe5 37. Bxe5+ Bf6 38. Bd6 Qd4 39. Bxf8+ Kxf8 40. Rf1 Kg7 41. h3 c5 42. Rf3 Qa1+ 43. Kh2 Be5+ 44. g3 Qb2+ 45. Kh1 Qc1+ 46. Kg2 Qc2+ 47. Rf2 Qe4+ 48. Kg1 Qe1+ 49. Kg2 Qe4+ 1/2-1/2

[Event "Royal City Masters U2200"]
[Site "Guelph CAN"]
[Date "2025.08.04"]
[Round "6.28"]
[White "Ramesan, Raunak Amit"]
[Black "Lazarev, Shon"]
[Result "1-0"]
[WhiteElo "2016"]
[BlackElo "1872"]
[WhiteFideId "-1"]
[WhiteFideId "-1"]
[PlyCount "135"]
[GameId "2211089036251154"]
[EventDate "2025.08.01"]
[EventType "swiss"]
[EventRounds "9"]
[EventCountry "CAN"]

1. e4 e6 2. d4 d5 3. Nc3 Nf6 4. e5 Nfd7 5. Nce2 c5 6. c3 Nc6 7. Nf3 a6 8. a3 c4 9. h4 Na5 10. Be3 Nb6 11. Nf4 Bd7 12. g4 Be7 13. g5 Qc7 14. Nh5 Rg8 15. Qc2 O-O-O 16. Bh3 Nb3 17. Rd1 Rdf8 18. Bg4 Be8 19. Nf4 Kb8 20. Ke2 Qc6 21. Rdg1 Na4 22. h5 Bd7 23. Rh2 Rh8 24. Rgh1 h6 25. gxh6 gxh6 26. Rg1 Rfg8 27. Rhg2 Qc8 28. Nxd5 Bd8 29. Nf4 Bc6 30. d5 Rxg4 31. Rxg4 exd5 32. Nd4 Bd7 33. Rg8 Rxg8 34. Rxg8 Nac5 35. Qh7 Nxd4+ 36. Bxd4 Bf5 37. Qh8 Bd3+ 38. Ke1 Qf5 39. Rxd8+ Kc7 40. Nxd5+ Kc6 41. Qf6+ Qxf6 42. Nxf6 Ne6 43. Be3 Nxd8 44. Bxh6 Ne6 45. Be3 Kb5 46. h6 Nf8 47. Ne8 Ka4 48. Kd2 Nd7 49. f4 Kb3 50. Kc1 b5 51. Nd6 Nf8 52. Nxf7 a5 53. Nd6 b4 54. axb4 axb4 55. cxb4 c3 56. bxc3 Kxc3 57. f5 Bxf5 58. Nxf5 Kxb4 59. e6 Nxe6 60. h7 Nc7 61. h8=Q Nb5 62. Qf8+ Ka4 63. Bd2 Nc3 64. Bxc3 Kb5 65. Qd6 Kc4 66. Kc2 Kb5 67. Nd4+ Kc4 68. Qc6# 1-0

[Event "Royal City Masters U2200"]
[Site "Guelph CAN"]
[Date "2025.08.04"]
[Round "6.29"]
[White "Yin, Zeming"]
[Black "Nassif, Aba"]
[Result "1-0"]
[WhiteElo "1999"]
[BlackElo "2100"]
[WhiteFideId "-1"]
[WhiteFideId "-1"]
[PlyCount "69"]
[GameId "2211089036255251"]
[EventDate "2025.08.01"]
[EventType "swiss"]
[EventRounds "9"]
[EventCountry "CAN"]

1. e4 c5 2. Nf3 g6 3. c3 Nc6 4. d4 cxd4 5. cxd4 d5 6. exd5 Qxd5 7. Nc3 Qd8 8. d5 Nb8 9. Bf4 a6 10. Bc4 Bg7 11. O-O Nf6 12. Re1 O-O 13. a4 b6 14. h3 Ne8 15. Bg5 Ra7 16. Qe2 Nd6 17. Ba2 Re8 18. Rad1 b5 19. Nd4 Qd7 20. Bf4 bxa4 21. Nc6 Rb7 22. Nxa4 Nxc6 23. Nc5 Qf5 24. Nxb7 Nd4 25. Rxd4 Nb5 26. Re4 Bxb7 27. Rxe7 Rxe7 28. Qxe7 Qxf4 29. Qxb7 Bd4 30. Qc8+ Kg7 31. Qc2 Nd6 32. Qe2 Nf5 33. d6 Nh4 34. d7 Qg3 35. Qe5+ 1-0

[Event "Royal City Masters U2200"]
[Site "Guelph CAN"]
[Date "2025.08.04"]
[Round "6.30"]
[White "Varakunan, Cadiron"]
[Black "Huang, Justin"]
[Result "1/2-1/2"]
[WhiteElo "2062"]
[BlackElo "1988"]
[WhiteFideId "-1"]
[WhiteFideId "-1"]
[PlyCount "100"]
[GameId "2211089036259348"]
[EventDate "2025.08.01"]
[EventType "swiss"]
[EventRounds "9"]
[EventCountry "CAN"]

1. e4 e6 2. d4 d5 3. Nd2 Nf6 4. e5 Nfd7 5. Bd3 c5 6. c3 Nc6 7. Ne2 cxd4 8. cxd4 f6 9. exf6 Nxf6 10. Nf3 Bd6 11. O-O O-O 12. Bg5 Qb6 13. Qd2 Ne4 14. Qe3 Qxb2 15. Bxe4 dxe4 16. Qxe4 Qb5 17. Bh4 Qf5 18. Qe3 e5 19. Bg3 Nxd4 20. Nexd4 exd4 21. Nxd4 Qf6 22. Bxd6 Qxd6 23. Rad1 b6 24. Rfe1 Qf6 25. Nb5 Bb7 26. f3 h6 27. Rd7 a6 28. Rxb7 axb5 29. Rxb6 Qf7 30. Qb3 Rxa2 31. Rxb5 Qxb3 32. Rxb3 Rd8 33. f4 Rdd2 34. Rg3 Kf7 35. h3 Re2 36. Rxe2 Rxe2 37. Rf3 Kf6 38. Kh2 Kf5 39. Kg3 g5 40. fxg5+ Kxg5 41. Rb3 Re6 42. Rb5+ Kg6 43. h4 Ra6 44. Kh3 Ra3+ 45. g3 Ra6 46. h5+ Kf6 47. Kh4 Ra4+ 48. Kh3 Ra6 49. Rb8 Ra5 50. Rb6+ Kg5 1/2-1/2

[Event "Royal City Masters U2200"]
[Site "Guelph CAN"]
[Date "2025.08.04"]
[Round "6.31"]
[White "Maulucci, Anthony"]
[Black "Achyuth, Akshaj"]
[Result "1/2-1/2"]
[WhiteElo "2046"]
[BlackElo "1971"]
[WhiteFideId "-1"]
[WhiteFideId "-1"]
[PlyCount "139"]
[GameId "2211089036259349"]
[EventDate "2025.08.01"]
[EventType "swiss"]
[EventRounds "9"]
[EventCountry "CAN"]

1. d4 Nf6 2. c4 d6 3. Nc3 e5 4. dxe5 dxe5 5. Qxd8+ Kxd8 6. Bg5 Nbd7 7. Nd5 c6 8. Nxf6 gxf6 9. Bd2 Kc7 10. f3 a5 11. e4 Nc5 12. b3 Ne6 13. Ne2 Bc5 14. O-O-O Rd8 15. Bc3 Rxd1+ 16. Kxd1 Bb4 17. Kc2 Bxc3 18. Kxc3 b5 19. cxb5 cxb5 20. Ng3 Nd4 21. Nh5 f5 22. Nf6 fxe4 23. Nxe4 Ra6 24. Bd3 h6 25. Kd2 Rc6 26. Rc1 Kb6 27. Rxc6+ Kxc6 28. Nf6 Kc5 29. Kc3 Kd6 30. Ng8 h5 31. h4 Ke6 32. g4 f6 33. Nh6 Ke7 34. Be4 Kf8 35. gxh5 f5 36. Bd5 Ne2+ 37. Kd2 Nf4 38. Nf7 Nxd5 39. Nxe5 Kg7 40. Nc6 a4 41. bxa4 bxa4 42. Kd3 Bd7 43. Ne5 Be8 44. Kd4 Nb4 45. Nc4 Nxa2 46. Ke5 Bb5 47. Na3 Bd3 48. Kd4 Be2 49. Ke3 Bd1 50. Kf4 Nb4 51. Kxf5 Bxf3 52. Ke5 Bxh5 53. Kd4 Be8 54. Kc3 Nd5+ 55. Kc4 Ne3+ 56. Kd3 Nf5 57. Kc3 Kf6 58. Kb4 Ne3 59. Nc4 Nd5+ 60. Ka3 Kg6 61. Nd6 Bd7 62. Ne4 Nb6 63. Nc5 Bc6 64. Kb4 Kh5 65. Nd3 Kxh4 66. Kc5 Be4 67. Nb4 Nd5 68. Nxd5 Bxd5 69. Kb4 a3 70. Kxa3 1/2-1/2

[Event "Royal City Masters U2200"]
[Site "Guelph CAN"]
[Date "2025.08.04"]
[Round "6.32"]
[White "Chen, Larry"]
[Black "Filipovich, David"]
[Result "0-1"]
[WhiteElo "1985"]
[BlackElo "2020"]
[WhiteFideId "-1"]
[WhiteFideId "-1"]
[PlyCount "86"]
[GameId "2211089036259350"]
[EventDate "2025.08.01"]
[EventType "swiss"]
[EventRounds "9"]
[EventCountry "CAN"]

1. d4 g6 2. c4 Bg7 3. e4 d6 4. Nc3 e5 5. d5 f5 6. Bd3 Nf6 7. f3 O-O 8. Be3 Na6 9. Nge2 Nc5 10. Qd2 Nxd3+ 11. Qxd3 fxe4 12. Nxe4 Nxe4 13. fxe4 Bh6 14. O-O-O Bxe3+ 15. Qxe3 Bg4 16. Kb1 Qf6 17. Rc1 Qf2 18. Qxf2 Rxf2 19. Nc3 Rxg2 20. Rhg1 Rxg1 21. Rxg1 Bd7 22. b4 Rf8 23. Rg2 Kg7 24. Kc2 Bh3 25. Rd2 g5 26. Nb5 a6 27. Nxc7 Rc8 28. Ne6+ Bxe6 29. dxe6 Kf6 30. Kd3 Kxe6 31. Rf2 b5 32. Rc2 Rxc4 33. Rxc4 bxc4+ 34. Kxc4 Kd7 35. a4 h5 36. Kd3 Kc6 37. Ke3 g4 38. Kd3 d5 39. b5+ axb5 40. exd5+ Kxd5 41. axb5 h4 42. b6 Kc6 43. Ke4 Kxb6 0-1

[Event "Royal City Masters U2200"]
[Site "Guelph CAN"]
[Date "2025.08.04"]
[Round "6.33"]
[White "Klarner, William"]
[Black "Li, Jerry"]
[Result "1/2-1/2"]
[WhiteElo "2034"]
[BlackElo "1819"]
[WhiteFideId "-1"]
[WhiteFideId "-1"]
[PlyCount "78"]
[GameId "2211089036263447"]
[EventDate "2025.08.01"]
[EventType "swiss"]
[EventRounds "9"]
[EventCountry "CAN"]

1. c4 e5 2. Nc3 Nc6 3. Nf3 Nf6 4. e4 Bc5 5. Nxe5 Nxe5 6. d4 Bb4 7. dxe5 Nxe4 8. Qc2 Nxc3 9. bxc3 Bc5 10. Bd3 Qe7 11. O-O h6 12. Bf4 O-O 13. Rae1 Re8 14. Qe2 Qf8 15. Qe4 g6 16. Qf3 d6 17. exd6 Rxe1 18. Rxe1 cxd6 19. Qg3 Bd7 20. h4 Re8 21. Rxe8 Qxe8 22. Bxh6 Qe1+ 23. Bf1 Be6 24. Qf4 Qxc3 25. Bg5 Qd4 26. Qxd4 Bxd4 27. Bd3 d5 28. cxd5 Bxd5 29. a4 Kg7 30. Kf1 Bc6 31. Bc2 f6 32. Bf4 Bb6 33. Bb3 Bd8 34. Bd6 b5 35. axb5 Bxb5+ 36. Ke1 Ba5+ 37. Kd1 Bb6 38. Ke1 Ba5+ 39. Kd1 Bb6 1/2-1/2

[Event "Royal City Masters U2200"]
[Site "Guelph CAN"]
[Date "2025.08.04"]
[Round "6.34"]
[White "Winfield, Jordan"]
[Black "Lukinykh, Slava"]
[Result "1-0"]
[WhiteElo "1890"]
[BlackElo "2139"]
[WhiteFideId "-1"]
[WhiteFideId "-1"]
[PlyCount "153"]
[GameId "2211089036267544"]
[EventDate "2025.08.01"]
[EventType "swiss"]
[EventRounds "9"]
[EventCountry "CAN"]

1. c4 e5 2. Nc3 d6 3. Qc2 f5 4. e3 Nf6 5. d4 Be7 6. b3 O-O 7. Bb2 c6 8. O-O-O exd4 9. exd4 d5 10. Nf3 Ne4 11. cxd5 Nxc3 12. Qxc3 cxd5 13. Kb1 a5 14. Bb5 Bd7 15. Bxd7 Nxd7 16. a4 Nf6 17. Ng5 Ne4 18. Nxe4 fxe4 19. Rhf1 Bb4 20. Qc2 Rc8 21. Qe2 Qd6 22. Qb5 Bc3 23. Rc1 Bxb2 24. Rxc8 Rxc8 25. Kxb2 Kh8 26. Rc1 Rf8 27. Rc2 b6 28. h3 h6 29. Qe2 Qh2 30. Qg4 Qg1 31. Qg3 Qd1 32. Qe3 Rf6 33. Rc1 Qh5 34. Qg3 Rg6 35. Qb8+ Kh7 36. Rc8 Re6 37. Rh8+ Kg6 38. Qg8 Re7 39. Qh7+ Kg5 40. g4 Qg6 41. h4+ Kf6 42. Rf8+ Rf7 43. Qg8 Rxf8 44. Qxf8+ Qf7 45. Qd6+ Qe6 46. Qf4+ Ke7 47. Kc3 Kd7 48. Kd2 Qe7 49. Qf5+ Kd6 50. g5 hxg5 51. hxg5 Qd7 52. Qe5+ Kc6 53. Qb8 g6 54. Qg8 Qf5 55. Qa8+ Kc7 56. Qa7+ Kc6 57. Qa8+ Kc7 58. Qa7+ Kc8 59. Qa8+ Kd7 60. Qb7+ Ke8 61. Qb8+ Kf7 62. Qc7+ Ke8 63. Qc6+ Kf7 64. Qc7+ Kg8 65. Qd8+ Kg7 66. Qe7+ Qf7 67. Qe5+ Kf8 68. Qb8+ Ke7 69. Qc7+ Ke6 70. Qxb6+ Kf5 71. Qf6+ Qxf6 72. gxf6 Kxf6 73. b4 Ke6 74. b5 Kd6 75. Ke3 g5 76. f3 exf3 77. Kxf3 1-0